[Event "AUTO-ADV-400"]
[Site "http://www.queenalice.com/game.php?id=166746"]
[Date "2007.2.10"]
[Round "1"]
[White "luciano"]
[Black "Majnu"]
[Result "0-1"]
[WhiteElo "1583"]
[BlackElo "1805"]

1. d4 Nf6 2. c4 e6 3. c5 b6 4. b4 Bb7 5. Nc3 a5 6. Ba3 axb4 7. Bxb4 bxc5 8. dxc5
Nc6 9. a3 Be7 10. e4 Nxb4 11. axb4 Rxa1 12. Qxa1 O-O 13. Nf3 Nxe4 14. Nxe4 Bxe4
15. Be2 Qa8 16. O-O Qxa1 17. Rxa1 Ra8 18. Rc1 Bf6 19. Nd2 Bg5 0-1

[Event "Challenge"]
[Site "http://www.queenalice.com/game.php?id=169498"]
[Date "2007.2.16"]
[Round "-"]
[White "Joe_Boyd"]
[Black "Majnu"]
[Result "0-1"]
[WhiteElo "1662"]
[BlackElo "1763"]

1. e4 c5 2. Nf3 Nc6 3. d4 cxd4 4. Nxd4 g6 5. Nc3 Bg7 6. Be3 Nf6 7. Bd3 d5 8.
Nxc6 bxc6 9. exd5 cxd5 10. O-O O-O 11. Nb5 a6 12. Nd4 e5 13. Nc6 Qd6 14. Na5 Ng4
15. Nb7 Qc7 0-1

[Event "AUTO-ADV-416"]
[Site "http://www.queenalice.com/game.php?id=171878"]
[Date "2007.2.21"]
[Round "1"]
[White "Majnu"]
[Black "ray"]
[Result "1-0"]
[WhiteElo "1897"]
[BlackElo "1623"]

1. d4 c5 2. d5 d6 3. c4 Nd7 4. Nc3 g6 5. e4 Bg7 6. Nf3 e6 7. Be2 Ne7 8. dxe6
fxe6 9. Qxd6 Qb6 10. Qxb6 Nxb6 11. Bd2 O-O 12. O-O e5 13. Nd5 Nexd5 14. cxd5 Bg4
15. Bc3 Rad8 16. Rfe1 Na4 17. Bxe5 Bxe5 18. Nxe5 Bxe2 19. Rxe2 b6 20. Rc1 Rfe8
21. f4 g5 22. g3 gxf4 23. gxf4 Rf8 24. b3 Rxf4 25. bxa4 Re8 26. Nd7 Re7 27. Nb8
Rfxe4 28. Rxe4 Kf8 29. Rce1 Rxe4 30. Rxe4 Kf7 31. d6 Kf6 32. d7 Kf5 33. Re1 c4
34. d8=Q c3 35. Qd6 Kg4 36. Kg2 h5 37. Qe5 c2 38. Re4# 1-0

[Event "AUTO-ADV-416"]
[Site "http://www.queenalice.com/game.php?id=171879"]
[Date "2007.2.21"]
[Round "1"]
[White "ray"]
[Black "Majnu"]
[Result "0-1"]
[WhiteElo "1603"]
[BlackElo "1893"]

1. c4 Nf6 2. Nc3 c5 3. g3 Nc6 4. Bg2 g6 5. e3 Bg7 6. Nge2 O-O 7. O-O e5 8. Qc2
d6 9. Rd1 Bf5 10. e4 Be6 11. f4 Bxc4 12. fxe5 dxe5 13. d3 Ba6 14. Na4 b6 15. Be3
Ng4 16. Bf2 Nxf2 17. Kxf2 Nd4 18. Qd2 Rc8 19. Bh3 Rc7 20. Kg2 h5 21. Nac3 Bb7
22. Kg1 Nf3+ 23. Kf2 Nxd2 24. Rxd2 Bh6 25. Rc2 f5 26. exf5 gxf5 27. Bg2 Bxg2 28.
Kxg2 Re7 29. Kh3 Qxd3 30. Rac1 Bxc1 31. Rxc1 f4 32. Rd1 Qf5+ 33. Kh4 Qg4# 0-1

[Event "AUTO-ADV-416"]
[Site "http://www.queenalice.com/game.php?id=171880"]
[Date "2007.2.21"]
[Round "1"]
[White "Majnu"]
[Black "stoyan1"]
[Result "1-0"]
[WhiteElo "1820"]
[BlackElo "1846"]

1. d4 e6 2. c4 b6 3. Nc3 Bb7 4. e4 Bb4 5. f3 c5 6. d5 exd5 7. cxd5 d6 8. Bb5+
Nd7 9. a3 Bxc3+ 10. bxc3 a6 11. Bxd7+ Qxd7 12. Ne2 f5 13. O-O O-O-O 14. Nf4 Re8
15. Ne6 Kb8 16. a4 g6 17. Rb1 Ka7 18. Qb3 Rc8 19. Qxb6+ Ka8 20. Bf4 Nf6 21. Bxd6
Ne8 22. Bxc5 Rxc5 23. Nxc5 1-0

[Event "AUTO-ADV-416"]
[Site "http://www.queenalice.com/game.php?id=171881"]
[Date "2007.2.21"]
[Round "1"]
[White "stoyan1"]
[Black "Majnu"]
[Result "0-1"]
[WhiteElo "1813"]
[BlackElo "1832"]

1. e4 c5 2. Nf3 Nc6 3. a3 g6 4. d4 cxd4 5. Nxd4 Bg7 6. Nxc6 bxc6 7. c3 d6 8. Bc4
a5 9. O-O Ba6 10. Bxa6 Rxa6 11. Nd2 Nf6 12. h3 O-O 13. Rb1 a4 14. b4 axb3 15.
Rxb3 Nd7 16. Nb1 Nc5 17. Rb4 Qc7 18. Bf4 Rb8 19. Qd2 Na4 20. Qc2 Nb6 21. Re1 c5
22. Rb3 c4 23. Rb4 Nd7 24. Bd2 Ne5 25. f4 Nd3 26. Rxb8+ Qxb8 27. Rf1 Rb6 28. Qd1
Rb3 29. g3 Qb6+ 30. Kh2 Nc5 31. Be3 Bxc3 32. a4 Bg7 33. Bxc5 Qxc5 34. Rf3 Rxf3
35. Qxf3 Qb4 36. Qd1 c3 37. Qc2 e6 38. Kg2 d5 39. e5 d4 40. Kf2 Bf8 41. Ke2 Bc5
42. Kd3 Qb7 43. Qd1 Qg2 44. Qe1 Ba7 45. Nxc3 Qf3+ 46. Kc4 Qxc3+ 47. Qxc3 dxc3
48. Kxc3 Kf8 49. Kd3 Ke7 50. g4 Kd7 51. Ke4 Kc6 52. f5 Kc5 53. fxe6 fxe6 54. Kf4
Kd4 55. a5 Bb8 56. a6 Bxe5+ 57. Kf3 Bb8 58. Ke2 Ke4 59. Kf2 Kd3 60. h4 e5 61. h5
e4 62. Ke1 Ke3 0-1

[Event "AUTO-ADV-416"]
[Site "http://www.queenalice.com/game.php?id=171882"]
[Date "2007.2.21"]
[Round "1"]
[White "Majnu"]
[Black "gdan"]
[Result "1-0"]
[WhiteElo "1869"]
[BlackElo "1921"]

1. d4 d5 2. c4 c6 3. Nc3 Nf6 4. Nf3 e6 5. Bf4 dxc4 6. a4 Bb4 7. Qc2 O-O 8. e4 b5
9. e5 Nd5 10. Bd2 Bxc3 11. bxc3 Bb7 12. Ng5 g6 13. Ne4 f5 14. Nd6 Qb6 15. Bh6
Rd8 16. Qd2 Na6 17. Be2 Nac7 18. a5 Qa6 19. h4 Ne8 20. Nxe8 Rxe8 21. h5 Ne7 22.
Qg5 Rf8 23. Bxf8 Kxf8 24. hxg6 Ke8 25. Rxh7 Ng8 26. Rh8 Kd7 27. g7 Rd8 28. Qg6
Ne7 29. Rxd8+ Kxd8 30. g8=Q+ Nxg8 31. Qxg8+ Kc7 32. Qf7+ Kb8 33. Qxe6 Bc8 34.
Qd6+ Ka8 35. Bf3 Bb7 36. e6 b4 37. e7 1-0

[Event "AUTO-ADV-416"]
[Site "http://www.queenalice.com/game.php?id=171883"]
[Date "2007.2.21"]
[Round "1"]
[White "gdan"]
[Black "Majnu"]
[Result "0-1"]
[WhiteElo "1941"]
[BlackElo "1849"]

1. e4 c5 2. Nf3 Nc6 3. d4 cxd4 4. Nxd4 g6 5. c4 Bg7 6. Be3 Nf6 7. Nc3 d6 8. Be2
O-O 9. O-O Nxd4 10. Bxd4 a6 11. Rc1 Qa5 12. a3 Rb8 13. b4 Qxa3 14. b5 axb5 15.
Nxb5 Qa5 16. h4 Qd8 17. h5 Nxe4 18. Bxg7 Kxg7 19. Qd4+ Nf6 20. hxg6 hxg6 21. Nc3
Rh8 22. Nd5 e5 23. Qe3 Nxd5 24. cxd5 Qh4 25. f3 Qg3 26. Rc3 b5 27. f4 Qxe3+ 28.
Rxe3 f6 29. fxe5 fxe5 30. Ref3 b4 31. Rf7+ Kh6 32. Kf2 Kg5 33. Ke3 b3 34. R1f3
b2 35. Bd3 Rb3 36. Rg3+ Kh4 37. Kf2 Rxd3 0-1

[Event "Fast Game"]
[Site "http://www.queenalice.com/game.php?id=177506"]
[Date "2007.3.6"]
[Round "-"]
[White "Beyonder"]
[Black "Majnu"]
[Result "1-0"]
[WhiteElo "1912"]
[BlackElo "1843"]

1. e4 c5 2. Nc3 Nc6 3. f4 g6 4. Nf3 Bg7 5. Bb5 Nd4 6. Bd3 d6 7. Nxd4 Bxd4 8. Ne2
Bg7 9. O-O Nf6 10. c3 O-O 11. Ng3 a6 12. a4 b6 13. Bc4 Rb8 14. d3 b5 15. axb5
axb5 16. Bb3 Bg4 17. Qe1 Qc7 18. Bc2 Ra8 19. Be3 Ra7 20. Rxa7 Qxa7 21. f5 Qa2
22. Bc1 Rb8 23. h3 Bh5 24. Nxh5 Nxh5 25. Qd1 b4 26. Bb3 Qa7 27. Be3 bxc3 28.
bxc3 Bxc3 29. Bd5 Qa2 30. Bxa2 1-0

[Event "Fast Game"]
[Site "http://www.queenalice.com/game.php?id=177507"]
[Date "2007.3.6"]
[Round "-"]
[White "Majnu"]
[Black "Beyonder"]
[Result "0-1"]
[WhiteElo "1857"]
[BlackElo "1899"]

1. d4 Nf6 2. c4 d5 3. Nc3 dxc4 4. e4 c5 5. d5 b5 6. Qc2 a6 7. Be3 Qc7 8. Nf3 Bg4
9. Be2 Nbd7 10. O-O Bxf3 11. Bxf3 Ne5 12. Be2 Neg4 13. Bd2 Qxh2# 0-1

[Event "Challenge"]
[Site "http://www.queenalice.com/game.php?id=180071"]
[Date "2007.3.11"]
[Round "-"]
[White "FKafka"]
[Black "Majnu"]
[Result "0-1"]
[WhiteElo "1052"]
[BlackElo "1830"]

1. g3 d5 2. Bg2 c5 3. Nc3 Nf6 4. Nf3 Nc6 5. d4 cxd4 6. Nxd4 e5 7. Ndb5 Be6 8.
Be3 d4 9. Nxd4 exd4 10. Bxd4 Nxd4 11. e3 Nc6 12. Qf3 Bb4 13. a3 Bxc3+ 14. bxc3
Qa5 15. Kd2 Rd8+ 16. Kc1 Qxc3 17. Rb1 Qxa3+ 18. Rb2 Na5 19. Rd1 O-O 20. Bf1
Rxd1+ 21. Kxd1 Qxb2 22. Qe2 Rd8+ 23. Qd3 Rxd3+ 24. Bxd3 Nd5 25. e4 Nb4 26. Bb5
Qxc2+ 27. Ke1 Bg4 28. h3 Nd3+ 29. Bxd3 Qc1# 0-1